000 01162cam a2200313 a 4500
999 _c23178
_d23178
001 12278535
003 OSt
005 20200515090751.0
008 000201s2000 ii b 001 0 eng
010 _a 99949129
020 _a8173913358
025 _aI-E-99-949129; 560-13
035 _a(DLC) 99949129
037 _bLibrary of Congress -- New Delhi Field Office
_cRs550.00
040 _aDLC
_coclc
_dDLC
042 _alcode
043 _aa-ii---
050 0 0 _aDS432.M84
_bA52 2000
082 0 0 _a954.00882971
_221
_bAMI/M
100 _aAmir, Safia
_92308
245 1 0 _aMuslim nationhood in India :
_bperceptions of seven eminent thinkers /
_cSafia Amir ; foreword by Akhtar-ul-Wasey.
260 _aNew Delhi :
_bKanishka Publishers, Distributors,
_c2000.
300 _axviii, 285 p. ;
_c22 cm.
504 _aIncludes bibliographical references (p. [274]-278) and index.
650 0 _aHistory & geography
_vIslamic History
_92271
906 _a7
_bcbc
_corigode
_d3
_encip
_f19
_gy-gencatlg
942 _2ddc
_cBK
_h954.00882971
_iAMI/M
_k954.00882971
_mAMI/M